Empirical justification for infant industry projection.

Tallennettuna:
Bibliografiset tiedot
Päätekijä: Wastphal, Larry E. (autor)
Aineistotyyppi: Kirja
Kieli:englanti
Sarja:(World Bank Staff Working Paper ; no. 445)
Aiheet:
Tagit: Lisää tagi
Ei tageja, Lisää ensimmäinen tagi!

MARC

LEADER 00000cam^a2200000uu^4500
001 000471134
005 20250521000000.0
008 050901s^^^^^^^^^^^^^^^^rd^r^^000^0^eng^d
009 20260310124618.512
035 |a FCE 000013922 
035 |a FCE 003500 
037 |a Acervo ITESO - Biblioteca 
041 |a eng 
082 0 4 |a 082.1  |b WBP 445 
100 |a Wastphal, Larry E.  |e (autor) 
245 1 0 |a Empirical justification for infant industry projection. 
264 |a Washington :  |b The World Bank,  |c 1981. 
300 |a 38 p. 
336 |a texto  |b txt  |2 rdacontenido 
337 |a sin mediación  |b n  |2 rdamedio 
338 |a volumen  |b nc  |2 rdasoporte 
440 0 |a (World Bank Staff Working Paper ;  |v no. 445) 
649 |a XX 
650 |a Industrialización 
650 |a Desarrollo tecnológico 
910 |a Fondo Centro de Estudios Educativos 
920 |a Impresos - Libros 
930 |a Fondos Especiales 
905 |a 133 
901 |a ALE003500  |b IT2  |c CEE  |u 20250521 
902 |a https://opac.biblio.iteso.mx/vufind/Record/000471134